| 000 | 00348nam a22001577a 4500 | ||
|---|---|---|---|
| 005 | 20180621110736.0 | ||
| 008 | 160620b xxu||||| |||| 00| 0 eng d | ||
| 041 | _aeng | ||
| 082 |
_b8343 _a658 |
||
| 100 |
_aRamasamy, T. _92280 |
||
| 245 | _aPrinciples of Management | ||
| 260 | _bHPH | ||
| 300 | _a356 | ||
| 650 |
_aManagement _9241 |
||
| 942 | _cBK | ||
| 999 |
_c3191 _d3190 |
||